| 000 | 01074nam a2200289 a 4500 | ||
|---|---|---|---|
| 003 | BLK | ||
| 005 | 20250719094459.0 | ||
| 007 | ta | ||
| 008 | 221104b bu |||||r|||| 00| | bu d | ||
| 020 | _a9786191645824 | ||
| 040 | _aBLK | ||
| 041 |
_aBUL _cBUL |
||
| 080 |
_9240643 _aФренска литература _b821.133.1 _z821.133.1-31 |
||
| 084 | _aК 48 | ||
| 100 |
_9494763 _aКаят, Ондин |
||
| 245 |
_aПарфюмът на изгнанието _cОндин Каят ; прев. от фр. Албена Шарбанова |
||
| 260 |
_9215899 _aСофия _bEnthusiast _c2024 |
||
| 300 |
_a464 с. _c21 см |
||
| 380 | _aX | ||
| 500 | _aОриг. загл.: Le parfum de l'exil / Ondine Khayat Enthusiast - запазена марка на Алто комюникейшънс енд пъблишинг | ||
| 700 |
_9468423 _aШарбанова, Албена Василева |
||
| 852 |
_aЦб 324736 _bЦб |
||
| 856 |
_i0.00 _ldisable |
||
| 942 |
_cKNG _n0 _09 |
||
| 944 |
_cКети Илиева _k30545 _lНора Радева |
||
| 999 |
_c517538 _d517538 |
||
| 999 | _d517538 | ||